02071nam a2200337Ia 4500952010000000952010000100952011200200952010600312999001700418008004100435020001500476050002500491100003400516240006500550245012700615250001900742260003500761300003600796500007100832504003200903505033000935519009901265519004501364519004501409519004501454650006301499650005501562650005601617700004801673942001201721 00104070a04b04d2008-07-22l0oQA76.7 L6818 2004p04 001529r2019-10-07t1w2012-06-24yLB 00104070a04b04d2008-07-22l0oQA76.7 L6818 2004p04 001530r2013-05-22t2w2012-06-24yLB 00104070a04b04d2008-07-22l2oQA76.7 L6818 2004p04 001531r2013-05-22s2013-05-21t3w2012-06-24yLB 00102lcc4070a04b04d2018-05-23l0oQA76.7 L6818 2004p05 000650r2023-02-10t1w2018-05-23yLB c62138d62138120625s2004 mx r 001 0 spa d a9706862846 4aQA76.7 bL6818 20041 aLouden, Kenneth C.e , autor 10aProgramming Languages. Principles and Practice. lEspañol 10aLenguajes de programación b : principios y práctica c / Kenneth C. Louden ; traducción Gabriel Sánchez García  a2a. edición  aMéxicob : Thomson c , 2004 axiv, 633 páginas c ; 23 cm.  aTítulo original: Programming Languages. Principles and Practice  aBibliografía: pp. 617-6240 aHistoria Principios de diseño de los lenguajes Sintaxis Semántica básica Tipos de datos Expresiones y enunciados Procedimientos y ambientes Tipos de datos abstractos y módulos Programación orientada a objetos Programación funcional Programación lógica Semántica formal Programación en paralelo  aPlan Flexible / bInformática / cTeoría de Lenguajes y Compiladores (P05) / d(04 001529) aMaterial Complementario / d(04 001530)  aMaterial Complementario / d(04 001531)  aMaterial Complementario / d(05 000650)  4aLENGUAJES DE PROGRAMACIÓN (COMPUTADORAS ELECTRÓNICAS)  4aPROGRAMACIÓN ORIENTADA A OBJETOS (COMPUTADORAS)  4aC++ (LENGUAJE DE PROGRAMACIÓN PARA COMPUTADORAS) 1 aSánchez García, Gabriel e , traductor  cLB2lcc